<?xml version="1.0" encoding="UTF-8"?>
<collection xmlns="http://www.loc.gov/MARC21/slim">
<record>
  <controlfield tag="001">1971</controlfield>
  <controlfield tag="005">20160701171656.0</controlfield>
  <datafield tag="037" ind1=" " ind2=" ">
    <subfield code="a">ASTROimport-128</subfield>
  </datafield>
  <datafield tag="100" ind1=" " ind2=" ">
    <subfield code="a">Wright, D. J.</subfield>
  </datafield>
  <datafield tag="260" ind1=" " ind2=" ">
    <subfield code="c">2008</subfield>
  </datafield>
  <datafield tag="245" ind1=" " ind2=" ">
    <subfield code="a">Rotation and pulsation in g-mode main sequence pulsators</subfield>
  </datafield>
  <datafield tag="520" ind1=" " ind2=" ">
    <subfield code="a">The lack of well-identified modes is one of the major problems preventing an in-depth as- teroseismic study of gravity-mode (g-mode) main sequence pulsators. Since several of the currently available spectroscopic mode identification techniques have been developed for, or only extensively tested on pressure-mode pulsations, we started an investigation to improve them for the high radial order g-modes observed for slowly pulsating B (SPB) and γ Doradus (γ Dor) stars. A few high quality spectroscopic timeseries are being obtained for a selection of the most promising members of these groups with a large spread in projected rotational velocity that will serve as testbeds. These data will also enable us to study any observational relationship between the observed g-modes (degree l, azimuthal number m and/or pulsation amplitude) and the rotation of these non-radially pulsating stars. </subfield>
  </datafield>
  <datafield tag="700" ind1=" " ind2=" ">
    <subfield code="a"> De Cat, P.</subfield>
  </datafield>
  <datafield tag="700" ind1=" " ind2=" ">
    <subfield code="a"> Pollard, K. R.</subfield>
  </datafield>
  <datafield tag="700" ind1=" " ind2=" ">
    <subfield code="a"> Zima, W.</subfield>
  </datafield>
  <datafield tag="773" ind1=" " ind2=" ">
    <subfield code="p">Communications in Asteroseismology</subfield>
    <subfield code="v">157</subfield>
    <subfield code="y">2008</subfield>
    <subfield code="c">383-384</subfield>
  </datafield>
  <datafield tag="856" ind1="4" ind2="2">
    <subfield code="a">http://esoads.eso.org/abs/2008CoAst.157..383W</subfield>
  </datafield>
  <datafield tag="905" ind1=" " ind2=" ">
    <subfield code="a">published in</subfield>
  </datafield>
  <datafield tag="980" ind1=" " ind2=" ">
    <subfield code="a">REFERD</subfield>
  </datafield>
</record>
</collection>